000 00984nam a2200313Ia 4500
003 OSt
005 20221007120830.0
006 a|||||r|||| 00| 0
007 ta
008 221006b |||||||| |||| 00| 0 eng d
020 _a0878932143 (hbd)
024 _a11752
037 _bVardhman,
_cTextual
040 _aBDL
_cBDL
_beng
041 _2eng
_aeng
082 _aG11, P0;P4 Carb
100 _aCooper Geoffrey M
_9392382
245 0 _aCell: A molecular approach
_b Hausman Robert E
250 _a3
260 _aWashington
_bASM Press
_c2004
300 _axx, 713p
_ccm.
490 _vIncludes CD-ROM
500 _aIncludes bibliographical referenecs; Glossary 681-698p; Index 699-713p; ^n23/CSL/CARB/2003-2004/^d2003-12-26^mPurchase
650 _a Cell biology
650 _aBiology
700 _a Hausman Robert E
942 _hG11, P0;P4 Carb
_cTEXL
_2CC
999 _c1208078
_d1208078